Angel Ferrant (Record no. 16938)

MARC details
000 -LEADER
campo de control de longitud fija 01057nam a2200277 i 4500
001 - NÚMERO DE CONTROL
campo de control 16938
003 - IDENTIFICADOR DE NÚMERO DE CONTROL
campo de control ES-MaACL
005 - FECHA Y HORA DE LA ÚLTIMA TRANSACCIÓN
campo de control 20230906164815.0
007 - CAMPO FIJO DE DESCRIPCIÓN FÍSICA--INFORMACIÓN GENERAL
campo de control de longitud fija t|
008 - DATOS DE LONGITUD FIJA--INFORMACIÓN GENERAL
campo de control de longitud fija 001124s1983 sp a ||||0| spa j
040 ## - FUENTE DE CATALOGACIÓN
Centro catalogador/agencia de origen M-BN
Lengua de catalogación spa
Centro/agencia transcriptor M-BN
080 ## - NÚMERO DE LA CLASIFICACIÓN DECIMAL UNIVERSAL
Número de la Clasificación Decimal Universal 73 Ferrant, Angel:061.43(464.1M)"1983"
080 ## - NÚMERO DE LA CLASIFICACIÓN DECIMAL UNIVERSAL
Número de la Clasificación Decimal Universal 929 Ferrant, Angel
100 1# - ENTRADA PRINCIPAL--NOMBRE DE PERSONA
Nombre de persona Ferrant, Angel.
9 (RLIN) 50293
245 10 - MENCIÓN DEL TÍTULO
Título Angel Ferrant
Resto del título : [exposición], mayo-julio, 1983, Madrid, Palacio de Cristal /
Mención de responsabilidad, etc. Ministerio de Cultura, Dirección General de Bellas Artes y Archivos.
260 ## - PUBLICACIÓN, DISTRIBUCIÓN, ETC.
Lugar de publicación, distribución, etc. [Madrid] :
Nombre del editor, distribuidor, etc. Dirección General de Bellas Artes y Archivos,
Fecha de publicación, distribución, etc. D.L. 1983.
300 ## - DESCRIPCIÓN FÍSICA
Extensión 248 p :
Otras características físicas il. neg. y col ;
Dimensiones 29 cm.
504 ## - NOTA DE BIBLIOGRAFÍA, ETC.
Nota de bibliografía, etc. Bibliografía: p. 241-247. Indice.
600 14 - PUNTO DE ACCESO ADICIONAL DE MATERIA--NOMBRE DE PERSONA
Nombre de persona Ferrant, Angel-
Subdivisión de forma Exposiciones.
9 (RLIN) 50294
655 #7 - TERMINO DE INDIZACIÓN--GENERO/FORMA
Fuente del término tgfbne
9 (RLIN) 193628
Datos o término principal de género/forma Catálogos de exposiciones
710 1# - ENTRADA AGREGADA--NOMBRE DE ENTIDAD CORPORATIVA
Nombre de entidad corporativa o nombre de jurisdicción como elemento de entrada España.
Unidad subordinada Dirección General de Bellas Artes y Archivos.
9 (RLIN) 3708
852 ## - LOCALIZACIÓN
Ubicación ES-MaACL
Número de control de estantería G-3847
Sublocalización o colección R.123360
852 ## - LOCALIZACIÓN
Ubicación ES-MaACL
Número de control de estantería L-4933
Sublocalización o colección R.105673
942 ## - ELEMENTOS DE ENTRADA SECUNDARIOS (KOHA)
Fuente del sistema de clasificación o colocación Clasificación decimal universal
Holdings
Estatus retirado Estado de pérdida Fuente del sistema de clasificación o colocación Estado de daño Restricciones de uso No para préstamo Biblioteca de origen Biblioteca actual Ubicación en estantería Fecha de adquisición Número de inventario Total de préstamos Signatura topográfica completa Código de barras Visto por última vez Precio de reemplazo Tipo de ítem Koha
    Clasificación decimal universal   Duplicado   Biblioteca del Ateneo de Madrid Biblioteca del Ateneo de Madrid Depósito 2 17/01/2008 R.123360   G-3847 1017204 23/02/2023 23/02/2023 Libro impreso
    Clasificación decimal universal       Biblioteca del Ateneo de Madrid Biblioteca del Ateneo de Madrid Depósito 2 17/01/2008 R.105673   L-4933 1066254 23/02/2023 23/02/2023 Libro impreso